01245cas a2200289 a 450000500170000000800410001702200140005804003030007204100080037504400080038324500370039124600080042826000710043626000540050730000270056131000100058832100100059832100090060851000410061765000530065865000440071165000530075565000280080871000440083671000360088071000390091620180613165902.0830331c19839999ncumr p 0 a0eng c a0737-4038 aNSDcNSDdNSTdNSDdIXAdHULdNSTdNSDdDLCdAGLdNSTdNLMdNSTdHULdNSTdHULdAIPdNSTdAIPdNSTdNLMdNSTdNSDdIULdNSTdDLCdNSTdDLCdIULdSYSdNSDdNYGdGUAdMYGdOCLCQdOCLdMYGdNLGGCdLVBdUQ1dOCLCQdUKMGBdSERSOdOCLCQdDLCdOCLCFdP4IdOCLCOdEUWdOCLCOdOCLCQdOCLCOdOCLCAdCO-BoIAVH0 aeng axxu00aMolecular biology and evolution 13aMBE aChicago, Ilinois (EE.UU.) :bUniversity of Chicago Press,c©1983-3 aCary, NC (EE.UU.) : bOxford University Pressc. bilustraciones ;c26 cm b1997- b-1995 b19962 aChemical abstractsx0009-2258b1983-26aBiología molecularvPublicaciones periódicas26aEvoluciónvPublicaciones periódicas26aProcesos genéticosvPublicaciones periódicas26aBiologíaxevolución2 aMolecular Biology and Evolution Society2 aAmerican Society of Naturalists2 aSociety for the Study of Evolution